000 00348nam a2200145Ia 4500
003 OSt
005 20240327122252.0
008 170523s9999 xx 000 0 und d
020 _a978-0070672833
040 _cIIMT UNIVERSITY MEERUT
100 _aGanesan- L
245 0 _aTransmission Lines and Wave Guides
260 _aT.M.H.
942 _2ddc
_c02
999 _c12535
_d12535